IBM Cognos TM1 : (Record no. 71142)

MARC details
000 -LEADER
fixed length control field 01332nam a22003257a 4500
005 - DATE AND TIME OF LATEST TRANSACTION
control field 2012103002262.0
008 - FIXED-LENGTH DATA ELEMENTS--GENERAL INFORMATION
fixed length control field 121030t xxu||||| |||| 00| 0 eng d
010 ## - LCCN (DPL NO)
LC control number ENG-106139
020 ## - INTERNATIONAL STANDARD BOOK NUMBER
International Standard Book Number 9781259025891
Terms of availability 795.00
020 ## - INTERNATIONAL STANDARD BOOK NUMBER
International Standard Book Number 1259025896
Terms of availability 795.00
035 ## - SYSTEM CONTROL NUMBER
System control number EN-89672
037 ## - SOURCE OF ACQUISITION
Source of stock number/acquisition DBAD/PUB
040 ## - CATALOGING SOURCE
Original cataloging agency DPL
Language of cataloging Eng
082 00 - DEWEY DECIMAL CLASSIFICATION NUMBER
Classification number 658.15028553
Edition number 23
100 1# - MAIN ENTRY--PERSONAL NAME
Personal name Oehler, Karsten,
Dates associated with a name 1964-
9 (RLIN) 53399
245 10 - TITLE STATEMENT
Title IBM Cognos TM1 :
Remainder of title the official guide /
Statement of responsibility, etc by Karsten Oehler, Jochen Gruenes [and] Christopher Ilacqua
260 ## - PUBLICATION, DISTRIBUTION, ETC. (IMPRINT)
Place of publication, distribution, etc New Delhi
Name of publisher, distributor, etc Tata McGraw-Hill
Date of publication, distribution, etc c2012
270 ## - ADDRESS
Address 7 West Patel Nagar
City New Delhi
Postal code 110008
300 ## - PHYSICAL DESCRIPTION
Extent xxii,777p. :
Other physical details ill.
Dimensions 24cm(pbk)
500 ## - GENERAL NOTE
General note Includes index.
630 00 - SUBJECT ADDED ENTRY--UNIFORM TITLE
Uniform title IBM Cognos TM1.
650 #0 - SUBJECT ADDED ENTRY--TOPICAL TERM
Topical term or geographic name as entry element Business
General subdivision Computer programs.
9 (RLIN) 53401
650 #0 - SUBJECT ADDED ENTRY--TOPICAL TERM
Topical term or geographic name as entry element Management
General subdivision Computer programs.
9 (RLIN) 53402
650 #0 - SUBJECT ADDED ENTRY--TOPICAL TERM
Topical term or geographic name as entry element Business planning
General subdivision Computer programs.
9 (RLIN) 53403
700 1# - ADDED ENTRY--PERSONAL NAME
Personal name Gruenes, Jochen
9 (RLIN) 53404
700 1# - ADDED ENTRY--PERSONAL NAME
Personal name Ilacqua, Christopher
9 (RLIN) 53405
942 ## - ADDED ENTRY ELEMENTS (KOHA)
Source of classification or shelving scheme Dewey Decimal Classification
Item type English Books
Classification part 658.15028553
Call number suffix OEH
Holdings
Withdrawn status Lost status Source of classification or shelving scheme Damaged status Not for loan Collection code Home library Current library Date acquired Source of acquisition Cost, normal purchase price Total Checkouts Full call number Barcode Date last seen Copy number Cost, replacement price Koha item type
    Dewey Decimal Classification   Not For Loan Non-fiction D.B.Act.Division D.B.Act.Division 30/10/2012 DBAD/PUB 795.00   658.15028553 OEH EN-89672 30/10/2012 1 795.00 English Books

© Delhi Public Library
Hit Counter
free hit counter